| 000 | 00990cam a22002772 4500 | ||
|---|---|---|---|
| 001 | 12713 | ||
| 003 | BD-RjUL | ||
| 005 | 20211208235338.0 | ||
| 008 | 140129t1951 nyuao b 001 0 eng | ||
| 035 | _a(BD-RjUL)12763 | ||
| 040 |
_aDLC _cDZM _dSER _dEQO _dBD-RjUL _beng |
||
| 041 | _aeng | ||
| 082 | 0 | 0 |
_a617.1 _216 _bCOF 1951 |
| 100 | 1 |
_aCole, Warren Henry, _d1898- _939594 |
|
| 245 | 0 | 0 |
_aFirst aid, surgical and medical / _cby Warren H. Cole and Charles B. Puestow; illustrated by Carl Linden and Tom Jones. |
| 250 | _a4th ed. | ||
| 260 |
_aNew York : _bAppleton-Century-Crofts, _cc1951 |
||
| 300 |
_axvi, 432 p. : _bill. ; _c22 cm. |
||
| 500 | _aWith contributions by Percival Bailey and others. | ||
| 504 | _aincludes Bibliographical reference and index. | ||
| 650 | 0 |
_aWounds and injuries _xTreatment. _939595 |
|
| 650 | 0 |
_aFirst aid in illness and injury. _939596 |
|
| 700 | 1 |
_aPuestow, Charles B. _q(Charles Bernard), _d1902- _939597 |
|
| 942 |
_2ddc _cBK |
||
| 999 |
_c12713 _d12713 |
||